LIBRARY ONLINE CATALOGUE

general principles of criminal law / (Record no. 11634)

MARC details
000 -LEADER
fixed length control field 00742cam a22002292 4500
001 - CONTROL NUMBER
control field 0000025240
005 - DATE AND TIME OF LATEST TRANSACTION
control field 20151217154516.0
008 - FIXED-LENGTH DATA ELEMENTS--GENERAL INFORMATION
fixed length control field 150328s xx 000 0 eng d
020 ## - INTERNATIONAL STANDARD BOOK NUMBER
International Standard Book Number 9350280361 :
040 ## - CATALOGING SOURCE
Original cataloging agency KABU
Transcribing agency KABU
100 1# - MAIN ENTRY--PERSONAL NAME
Personal name Pillai, K.N. Chandrasekharan.
-- 0000185589
245 10 - TITLE STATEMENT
Title general principles of criminal law /
Statement of responsibility, etc. K.N. chandrasekharan Pillai.
250 ## - EDITION STATEMENT
Edition statement 2nd ed.
260 ## - PUBLICATION, DISTRIBUTION, ETC. (IMPRINT)
Place of publication, distribution, etc. Lucknow :
Name of publisher, distributor, etc. Eastern Book Company,
Date of publication, distribution, etc. 2011.
300 ## - PHYSICAL DESCRIPTION
Extent xxxix, 709 p.
650 #0 - SUBJECT ADDED ENTRY--TOPICAL TERM
Topical term or geographic name as entry element Criminal law
Geographic subdivision India.
-- 0000178097
908 ## - PUT COMMAND PARAMETER (RLIN)
Put command parameter 150328
950 ## - LOCAL HOLDINGS (RLIN)
-- 1
Holdings
Withdrawn status Lost status Source of classification or shelving scheme Not for loan Home library Current library Date acquired Total Checkouts Full call number Barcode Date last seen Date last checked out Price effective from Koha item type Total Renewals
    Library of Congress Classification   Kabarak, Main Campus Kabarak, Main Campus 17/12/2015 7 KD7869 .P55 2011 c. 4 017664 12/03/2021 24/02/2021 17/12/2015 General Collection  
    Library of Congress Classification   Kabarak, Main Campus Kabarak, Main Campus 17/12/2015 6 KD7869 .P55 2011 c. 2 017665 05/09/2025 28/09/2021 17/12/2015 General Collection  
    Library of Congress Classification   Kabarak, Main Campus Kabarak, Main Campus 17/12/2015 8 KD7869 .P55 2011 c. 3 017666 04/02/2025 21/01/2025 17/12/2015 General Collection 1
    Library of Congress Classification   Kabarak, Main Campus Kabarak, Main Campus 17/12/2015 5 KD7869 .P55 2011 c. 1 017663 14/02/2025 31/01/2025 17/12/2015 General Collection